| 000 | 00377 a2200157 4500 | ||
|---|---|---|---|
| 001 | 73955 | ||
| 020 | _a847838894X | ||
| 040 | _cAnchieta - Colégio São Paulo | ||
| 100 | _aVincent, Mary | ||
| 240 | 1 | 0 |
_aEspanha e Portugal _lpor |
| 245 | 1 | 0 | _aEspanha e Portugal |
| 300 | _a239 | ||
| 362 | 0 | _a1997 | |
| 650 | 4 | _aPenínsula Ibérica e Ilhas adjacentes - Espanha | |
| 942 | _cBK | ||
| 999 |
_c73955 _d73955 |
||